| 000 | 004920000a22001570004500 | ||
|---|---|---|---|
| 090 |
_aAR _b03012 |
||
| 245 | 1 | 0 | _aComprehensive, adequate and representative reserve system for forests in Australia |
| 650 | 1 | 4 |
_aPolíticas ambientales _95366 |
| 650 | 1 | 4 |
_aPrioridades de conservación _96993 |
| 650 | 1 | 4 |
_aReservas forestales _992525 |
| 650 | 1 | 4 |
_aManejo de áreas protegidas _993573 |
| 651 | 4 |
_pAustralia _992749 |
|
| 041 | 0 | _aInglés | |
| 942 | _cARTICULO | ||
| 773 | 1 |
_tPreprint _33 _q1-21 _d1997 |
|
| 999 |
_c12069 _d12069 |
||